Contract Caw

Bibliographic Details
Main Author: Stone, Richard
Format: Book
Published: London : Cavendish Publishing , 1992
Subjects:

MARC

LEADER 00000cam a2200000 7i4500
001 0000004149
002 000004463
005 20000330.0
020 |a 1874241201 
090 0 0 |a 344.2062   |b STO 
100 0 |a Stone, Richard 
245 1 0 |a Contract Caw   |c Richaud Stone 
260 |a London :   |b Cavendish Publishing ,   |c 1992 
300 |a The Cavendish Q & A Senies 
650 0 0 |a Contract Law 
999 |a 033449   |b BUKU   |c PINJAMAN   |e PERPUSTAKAAN KOMUNITI PETALING JAYA